| 000 | 00524nam a2200169 a 4500 | ||
|---|---|---|---|
| 001 | 13221 | ||
| 003 | CO-ViMGA | ||
| 008 | 141112s2004 ck r 000 u spa d | ||
| 040 |
_aCO-ViMGA _bspa _cCO-ViMGA |
||
| 082 | 0 | 4 | _a371.264 P783 |
| 245 | 1 | 0 | _aPruebas seleccionadas para el Icfes;manual de orientacion y entrenamiento |
| 260 |
_asn : _bsl, _c1990? |
||
| 650 | 1 | 4 |
_aeducación - EVALUACION DE PROGRAMAS _919386 |
| 650 | 1 | 4 |
_aEVALUACION EDUCATIVA _919387 |
| 650 | 1 | 4 |
_aMEDICIONES Y PRUEBAS EDUCATIVAS _919388 |
| 942 |
_2ddc _cBK |
||
| 999 |
_c23970 _d23970 |
||